00200nam a2200073Ia 4500082001700000245004100017100002700058008004100085 aJ 36.89 WEIT 0aTalking about your parents' divorce  a WEITZMAN, Elizabeth 210825s9999 xx 000 0 und d